SONOGRAPHY PRINCIPLES AND INSTRUMENTS (Record no. 23785)

MARC details
000 -LEADER
fixed length control field 00421nam a22001697a 4500
003 - CONTROL NUMBER IDENTIFIER
control field SGT
020 ## - INTERNATIONAL STANDARD BOOK NUMBER
International Standard Book Number 9780323597081
082 ## - DEWEY DECIMAL CLASSIFICATION NUMBER
Classification number 616.0757
Item number S21K
100 ## - MAIN ENTRY--PERSONAL NAME
Personal name KREMAKAU, FREDERICK W.
245 ## - TITLE STATEMENT
Title SONOGRAPHY PRINCIPLES AND INSTRUMENTS
250 ## - EDITION STATEMENT
Edition statement 10TH
260 ## - PUBLICATION, DISTRIBUTION, ETC. (IMPRINT)
Place of publication, distribution, etc MISSOURI
Name of publisher, distributor, etc ELSEVIER PUB
Year of Publication 2021
300 ## - PAGE DESCRIPTION
No. of Pages 307
650 ## - SUBJECT ADDED ENTRY--TOPICAL TERM
Topical term or geographic name as entry element RADIOLOGY
653 ## - KEYWORDS--INDEX TERM
Keyword term TORRES PATIENT CARE IN IMAGING TECHNOLOGY
942 ## - ADDED ENTRY ELEMENTS (KOHA)
Source of classification or shelving scheme Dewey Decimal Classification
Koha item type Books
Holdings
Withdrawn status Lost status Source of classification or shelving scheme Damaged status Not for loan Collection code Home library Current library Shelving location Date acquired Vendor Name Cost, normal purchase price SGTU Bill Number Total Checkouts Full call number Accession No. (Barcode) Date last seen Bill Date Koha item type
    Dewey Decimal Classification   Not For Loan MEDICAL SGT Medical Library SGT Medical Library Reference Book 08/02/2023 ABC DELHI 10466.00 SGTU 15633   616.0757 S21K FM13790 08/02/2023 02/01/2023 Books
    Dewey Decimal Classification   Not For Loan MEDICAL SGT Medical Library SGT Medical Library Reference Book 08/02/2023 ABC DELHI 10466.00 SGTU 15633   616.0757 S21K FM13791 08/02/2023 02/01/2023 Books